000 00494nam a2200193Ia 4500
005 20240725105651.0
008 131103s9999 xx 000 0 und d
020 _a521 07332 4
040 _aLoreto College
041 _aEnglish
082 _a821
_bFRE
100 _aFreer,Allen
245 _aPersons, places and things
_cAllen Freer
260 _aCambridge
_bCambridge University Press
_c1969
300 _axiv,147p.
_b ill.
650 _aEnglish poetry
850 _aLCBED
942 _cBK
999 _c29531
_d80010